Statystyki dla Magiczne Stworzenia na literę G!

Kliknij tutaj aby rozwiązać quiz!

Ogólne statystyki

  • Ten quiz został rozwiązany 48 razy
  • Średni wynik to 3 z 8

Statystyki odpowiedzi

Odpowiedź% Poprawnych
Goblin
65%
Gryf
59%
Gnom
57%
Ghul
46%
Garboróg
27%
Gromoptak
27%
Gumochłon
22%
Granian (Pegaz)
11%

Rozkład punktacji

Percentyl według liczby udzielonych odpowiedzi

Procent ludzi z każdym wynikiem

Twoja historia wyników

Nie rozwiązałeś tego quizu